Представление документа в формате MARC21

Поле Инд. ПП Название Значение
Тип записи a
Библиографический уровень b
001 Контрольный номер RU/IS/BASE/290083474
005 Дата корректировки 20200630193229.6
008 Кодируемые данные 20090311
040 b Код языка каталог. rus
e Правила каталог. PSBO
041 0_ a Код языка текста rus
084 a Индекс другой классификации/Индекс ББК 83.3(7США)5
100 1_ a Автор Логутов А. В.
245 10 a Заглавие Метафора "живого слова" и некоторые аспекты изучения творчества Эмили Дикинсон
504 a Библиография Библиогр. - Примеч.: с. 138 - 140
600 14 a Персоналии Дикинсон Эмили
650 04 a Основная рубрика история литературы
a Основная рубрика литературоведение
a Основная рубрика филологические науки
653 0_ a Ключевые слова XIX век
a Ключевые слова метафоры
a Ключевые слова поэзия
a Ключевые слова стилистика автора
a Ключевые слова стихотворения
a Ключевые слова США
a Ключевые слова язык автора
773 08 t Заглавие источника Вестник Московского университета. Серия 9, Филология
d Дата издания источника 2008
g Прочая информация № 5. - С. 131 - 140
w Контрольный № источника RU/IS/BASE/288361571
901 t Тип документа b